000 00346nam a2200133Ia 4500
008 240624s9999 xx 000 0 und d
041 _aeng
082 _a158 COV
100 _aCOVEY STEPHEN R
245 _a7 HABITS OF HIGHLY EFFECTIVE PEOPLE
260 _c2013
_aLondon
_bSimon & Schuster
300 _axxx, , 391p. , 20 : cm.
365 _cRS
_b30
999 _c25501
_d25501